Indexy cien dodávok výrobkov a služieb do poľnohospodárstva v SR za 2. štvrťrok 1999

Guardado en:
Detalles Bibliográficos
Formato: Libro
Lenguaje:eslovaco
inglés
Publicado: Bratislava Štatistický úrad Slovenskej republiky 1999
Colección:Ceny
Materias:
Etiquetas: Agregar Etiqueta
Sin Etiquetas, Sea el primero en etiquetar este registro!

MARC

LEADER 00000nam a2200000 4500
001 c114048
005 20251124134723.5
041 0 |a slo 
041 0 |a eng 
044 |a SK 
245 1 0 |a Indexy cien dodávok výrobkov a služieb do poľnohospodárstva v SR za 2. štvrťrok 1999 
264 1 |a Bratislava  |b Štatistický úrad Slovenskej republiky  |c 1999 
300 |a 20 s. 
490 1 |a Ceny 
830 0 |a Ceny 
610 2 0 |a Slovensko 
610 2 0 |a poľnohospodárstvo 
610 2 0 |a výrobky 
610 2 0 |a služby 
610 2 0 |a dodávky 
610 2 0 |a indexy cenové